| 000 | 00788nam a2200229 a 4500 | ||
|---|---|---|---|
| 001 | 56375 | ||
| 003 | BD-RjUL | ||
| 005 | 20211209080404.0 | ||
| 008 | 161129s1968 bg ||||| |||| 00| 0 ben d | ||
| 020 | _c: TK 1.50 | ||
| 035 | _a(BD-RjUL)56499 | ||
| 040 |
_aBD-RjUL _bben _cBD-RjUL |
||
| 041 | _aben | ||
| 082 |
_223 _a891.442 _bISM 1968 |
||
| 100 |
_aইসলাম, আকছারুল _9167709 |
||
| 245 | 1 | 0 |
_aমোহ : _bসামাজিক নাটক / _cআকছারুল ইসলাম |
| 260 |
_aকুষ্টিয়া : _bজাগ্রত প্রকাশনী, _c১৯৬৮ |
||
| 300 |
_a৭৯ পৃ. ; _c১৭ সেমি . |
||
| 650 |
_aবাংলা নাটক _9167710 |
||
| 650 |
_aBengali Drama _9167711 |
||
| 942 |
_2ddc _cBK |
||
| 999 |
_c56375 _d56375 |
||